00513nam a22001697a 450000500170000001000150001702000260003203500140005803700090007208200090008110000250009024500450011525000060016026000350016627001220020130000200032320260128154357.0 aENG-147718 a9789390697359c200.00 aEN-131250 bDBAD 21aN aHawthorne, Nathaniel aThe Scarlet Letter/cNathaniel Hawthorne a1 aEast DelhibPharos Booksc2023 aPlot No. -63 Main Mother Dairy Road Pandav Nagar, East DelhibEast Delhie110092k011-403958555msales@pharosbooks.in a240p.c21cm(pb)